Principles of Management: as per Choise Based Credit System (CBCS)/ (Record no. 178273)

MARC details
000 -LEADER
fixed length control field 00815nam a22002057a 4500
005 - DATE AND TIME OF LATEST TRANSACTION
control field 20210324114024.0
010 ## - LCCN (DPL NO)
LC control number ENG-129276
020 ## - INTERNATIONAL STANDARD BOOK NUMBER
International Standard Book Number 978-81-935676-3-0
Terms of availability 199.00
035 ## - SYSTEM CONTROL NUMBER
System control number EN-112808
037 ## - SOURCE OF ACQUISITION
Source of stock number/acquisition DBAD/PUB
082 ## - DEWEY DECIMAL CLASSIFICATION NUMBER
Classification number 658
100 ## - MAIN ENTRY--PERSONAL NAME
Personal name A. Shankaraiah
245 ## - TITLE STATEMENT
Title Principles of Management: as per Choise Based Credit System (CBCS)/
Statement of responsibility, etc A. Shankaraiah, V. V. S. Sarma and G. Jaya
260 ## - PUBLICATION, DISTRIBUTION, ETC. (IMPRINT)
Place of publication, distribution, etc Hyderabad
Name of publisher, distributor, etc Seven Hills International Publishers
Date of publication, distribution, etc 2017
270 ## - ADDRESS
City Hyderabad
Postal code 500038
Address 3326/C, Level-4, Surneni Nilayam, Near B K Gupta Park, S R Nagar
Telephone number 91 40 23710657, 238000657
Fax number 91 40 23810657
Electronic mail address studentshelpline.in@gmail.com
300 ## - PHYSICAL DESCRIPTION
Extent xvi+272p.
Dimensions 24cm(pbk)
Other physical details Including illustrations and tables.
700 ## - ADDED ENTRY--PERSONAL NAME
Personal name Sarma, V. V. S.
700 ## - ADDED ENTRY--PERSONAL NAME
Personal name G. Jaya
942 ## - ADDED ENTRY ELEMENTS (KOHA)
Source of classification or shelving scheme Dewey Decimal Classification
Item type English Books
Classification part 658
Call number suffix PRI
Holdings
Withdrawn status Lost status Not for loan Collection code Home library Current library Date acquired Source of acquisition Cost, normal purchase price Full call number Barcode Copy number Cost, replacement price Koha item type
      Non-fiction Shahdara Branch Shahdara Branch 24/03/2021 DBAD/PUB 199.00 658 PRI EN-112808 1 199.00 English Books

© Delhi Public Library
Hit Counter
free hit counter